000 00637nam a2200217 a 4500
999 _c6026
_d6026
001 6026
003 BD-JhCC
005 20180101174857.0
008 180101b xxu||||| |||| 00| 0 eng d
035 _a(BD-JhCC)6026
040 _aBD-JhCC
_dBD-JhCC
041 _aeng
082 _a425
_bISL 1999
100 _aIslam, S. M. Nazrul
245 _aNew Approach To Communicative English Grammar :
_bA self-study reference and practice book of English for class IX-X /
_cS. M. Nazrul Islam
260 _aDhaka :
_bSamata Prokashani,
_c1999.
300 _a680 p. :
_c26 cm.
650 _aEnglish Grammer
942 _2ddc
_cBK